[Event "Tolima Deportivo op"]
[Site "Tolima"]
[Date "2021.11.15"]
[Round "7"]
[White "Mena Mena, Daymer Alberto"]
[Black "Cifuentes Camacho, Miguel Angel"]
[Result "1/2-1/2"]
[WhiteElo "1655"]
[BlackElo "1274"]
[PlyCount "136"]
[EventDate "2021.11.12"]
[EventType "swiss"]
[EventRounds "7"]
[EventCountry "COL"]
[SourceTitle "CBM 205 Extra"]
[Source "ChessBase"]
[SourceDate "2022.01.31"]
[SourceVersion "1"]
[SourceVersionDate "2022.01.31"]
[SourceQuality "1"]

1. d4 Nf6 2. h3 d5 3. Bf4 c5 4. e3 Nc6 5. Nf3 e6 6. Nbd2 Bd6 7. Ne5 cxd4 8. Nxc6 bxc6 9. Bxd6 dxe3 10. fxe3 Qxd6 11. Qf3 Rb8 12. Rb1 c5 13. Be2 Ba6 14. 0-0 Bxe2 15. Qxe2 Qe5 16. Nf3 Qc7 17. Ng5 h6 18. Nf3 Ne4 19. Rfd1 0-0 20. c4 Rfd8 21. Qc2 Qa5 22. b3 Nf6 23. Ne5 Qc7 24. Nf3 Rb6 25. Rbc1 Rbd6 26. cxd5 Rxd5 27. Rxd5 Rxd5 28. e4 Rd8 29. Kf2 Qf4 30. Re1 g5 31. g3 Qc7 32. e5 Nd5 33. a3 Qa5 34. Re4 Qb6 35. Rc4 a5 36. h4 g4 37. Rxg4+ Kf8 38. Rc4 Ke7 39. Ke2 Qb5 40. Kf2 Qb6 41. g4 Rg8 42. g5 hxg5 43. Nxg5 Qb8 44. Re4 Qc7 45. Kf3 Rg6 46. Re1 Qc6 47. Ne4 Rh6 48. Rh1 Rh5 49. Qxc5+ Qxc5 50. Nxc5 Rxe5 51. Ne4 Rf5+ 52. Ke2 Nf4+ 53. Kd2 Re5 54. Nc3 Rh5 55. b4 axb4 56. axb4 Ng6 57. b5 Kd7 58. Ra1 Rxh4 59. Ra7+ Kc8 60. Rxf7 Rh2+ 61. Kc1 Ne5 62. Rf8+ Kb7 63. Re8 Nd3+ 64. Kd1 Nc5 65. Ne2 Kb6 66. Nd4 Rh4 67. Nxe6 Nxe6 68. Rxe6+ Kxb5 1/2-1/2

[Event "Tolima Deportivo op"]
[Site "Tolima"]
[Date "2021.11.15"]
[Round "6"]
[White "Triana Castro, Francisco Javier"]
[Black "Mena Mena, Daymer Alberto"]
[Result "1/2-1/2"]
[WhiteElo "1593"]
[BlackElo "1655"]
[PlyCount "126"]
[EventDate "2021.11.12"]
[EventType "swiss"]
[EventRounds "7"]
[EventCountry "COL"]
[SourceTitle "CBM 205 Extra"]
[Source "ChessBase"]
[SourceDate "2022.01.31"]
[SourceVersion "1"]
[SourceVersionDate "2022.01.31"]
[SourceQuality "1"]

1. Nf3 g6 2. c4 Bg7 3. d4 c6 4. g3 d5 5. cxd5 cxd5 6. Bg2 Nc6 7. a3 Nf6 8. Nc3 0-0 9. 0-0 a6 10. b4 e6 11. Bg5 Qc7 12. Rc1 Qd7 13. Na4 Ra7 14. Nc5 Qe8 15. Rc2 Ne7 16. Be3 Ne4 17. Qc1 f5 18. Bh6 b5 19. Ne5 Nd6 20. Ncd3 a5 21. Bxg7 Kxg7 22. bxa5 Nc4 23. Nxc4 dxc4 24. Nc5 Nd5 25. a4 Rxa5 26. e3 bxa4 27. Rxc4 Rf7 28. Nd3 Ba6 29. Ne5 Bxc4 30. Qxc4 Qe7 31. Nxf7 Kxf7 32. f4 Qd7 33. e4 fxe4 34. Bxe4 Qe7 35. f5 gxf5 36. Bxd5 Rxd5 37. Qxa4 Qd8 38. Rf4 Ke7 39. Qa1 Kf7 40. Qa3 Ra5 41. Qc3 Qa8 42. Rh4 Ra1+ 43. Kf2 Ra2+ 44. Ke3 h5 45. Qc7+ Kg6 46. Qc4 Ra3+ 47. Qd3 Rxd3+ 48. Kxd3 Qf3+ 49. Kc4 Qd5+ 50. Kc3 Kg5 51. Rf4 e5 52. dxe5 Qxe5+ 53. Kd3 Qb5+ 54. Ke3 Qb3+ 55. Kf2 Qb2+ 56. Kg1 Qc1+ 57. Kg2 Qxf4 58. gxf4+ Kxf4 59. Kf2 Ke4 60. Ke2 f4 61. Kf2 h4 62. Ke2 f3+ 63. Kf2 Kf4 1/2-1/2

[Event "COL-chT"]
[Site "Ibague"]
[Date "2018.10.13"]
[Round "6.3"]
[White "Olivar Rayo, Luis Eduardo"]
[Black "Mena Mena, Daymer Alberto"]
[Result "0-1"]
[WhiteElo "1581"]
[BlackElo "1790"]
[PlyCount "88"]
[EventDate "2018.10.11"]
[EventType "team-swiss"]
[EventRounds "6"]
[EventCountry "COL"]
[SourceTitle "CBM 186 Extra"]
[Source "ChessBase"]
[SourceDate "2018.08.24"]
[SourceVersion "1"]
[SourceVersionDate "2018.08.24"]
[SourceQuality "1"]
[WhiteTeam "Tolima Retadores"]
[BlackTeam "Tolima Masivo"]
[WhiteTeamCountry "COL"]
[BlackTeamCountry "COL"]

1. e4 d6 2. d4 f5 3. Nc3 Nf6 4. Bd3 fxe4 5. Nxe4 Nxe4 6. Bxe4 g6 7. Nf3 Bg7 8. d5 0-0 9. Ng5 c5 10. Qd3 Rf5 11. Bxf5 Bxf5 12. Qd1 Qa5+ 13. Qd2 Qa6 14. Ne6 Bxe6 15. dxe6 Nc6 16. c3 Ne5 17. Qe2 Nd3+ 18. Kf1 Rf8 19. Be3 c4 20. f3 d5 21. Bd4 Bxd4 22. cxd4 Rf6 23. g3 Rxe6 24. Qd2 Nxb2 25. Kg2 Nd3 26. Rhf1 b5 27. f4 Re4 28. f5 Qf6 29. fxg6 Qxg6 30. Qa5 Re2+ 31. Kg1 Qb6 32. Qxb6 axb6 33. Rf5 e6 34. Rg5+ Kf7 35. Rf1+ Ke7 36. Rg7+ Kd6 37. Rff7 Ne5 38. dxe5+ Rxe5 39. Rc7 Re2 40. Rgd7+ Ke5 41. Rc6 Kd4 42. Rxb6 c3 43. Rxb5 c2 44. Rdxd5+ exd5 0-1

[Event "COL-chT"]
[Site "Ibague"]
[Date "2017.07.19"]
[Round "2.4"]
[White "Mena Mena, Daymer Alberto"]
[Black "Mengual Escobar, Carlos Mario"]
[Result "1/2-1/2"]
[WhiteElo "1809"]
[BlackElo "1679"]
[PlyCount "90"]
[EventDate "2017.07.19"]
[EventType "team-swiss"]
[EventRounds "6"]
[EventCountry "COL"]
[SourceTitle "CBM 179 Extra"]
[Source "ChessBase"]
[SourceDate "2017.08.23"]
[SourceVersion "1"]
[SourceVersionDate "2017.08.23"]
[SourceQuality "1"]
[WhiteTeam "Tolima II"]
[BlackTeam "Guajira"]
[WhiteTeamCountry "COL"]
[BlackTeamCountry "COL"]

1. Nf3 d5 2. d4 Bg4 3. e3 Nd7 4. Be2 e6 5. 0-0 Bd6 6. Nbd2 h5 7. c4 c6 8. b3 g5 9. cxd5 exd5 10. e4 Bxf3 11. Nxf3 g4 12. Nd2 Qc7 13. e5 Nxe5 14. dxe5 Bxe5 15. Rb1 Bxh2+ 16. Kh1 Be5 17. b4 Qe7 18. g3 h4 19. Kg2 hxg3 20. fxg3 f5 21. Rxf5 Rh3 22. Rb3 Rh2+ 23. Kxh2 Qh4+ 24. Kg1 Bd4+ 25. Rf2 Bxf2+ 26. Kxf2 Qh2+ 27. Ke1 0-0-0 28. Bxg4+ Kb8 29. Qe2 Qh6 30. Qe3 Qg6 31. Qf4+ Ka8 32. Nf3 Qc2 33. Qd2 Qe4+ 34. Kf2 Qxg4 35. Qg5 Qd7 36. Ne5 Rf8+ 37. Bf4 Qh7 38. Ng6 Qh2+ 39. Kf3 Qh1+ 40. Kf2 Re8 41. Re3 Qh2+ 42. Kf3 Rc8 43. Qf5 Rd8 44. Qd7 Qh1+ 45. Kg4 Nf6+ 1/2-1/2

[Event "COL-ch"]
[Site "Palmira"]
[Date "2017.05.20"]
[Round "8"]
[White "Mena Mena, Daymer Alberto"]
[Black "Cadavid, Juan Miguel"]
[Result "0-1"]
[WhiteElo "1600"]
[BlackElo "1881"]
[PlyCount "60"]
[EventDate "2017.05.15"]
[EventType "swiss"]
[EventRounds "10"]
[EventCountry "COL"]
[SourceTitle "CBM 178 Extra"]
[Source "ChessBase"]
[SourceDate "2017.06.22"]
[SourceVersion "1"]
[SourceVersionDate "2017.06.22"]
[SourceQuality "1"]

1. e4 c5 2. Nf3 e6 3. Be2 Nc6 4. 0-0 Nd4 5. Nxd4 cxd4 6. d3 e5 7. f4 d6 8. f5 Be7 9. Nd2 Bd7 10. Nf3 Rc8 11. Bd2 Nf6 12. Ne1 Qb6 13. g4 Nxe4 14. Nf3 Nxd2 15. Nxd2 Bg5 16. Ne4 Be3+ 17. Kg2 Bc6 18. Kh3 Bxe4 19. dxe4 h5 20. gxh5 Qc6 21. Bd3 d5 22. Qg4 Qf6 23. exd5 Ke7 24. c4 Rh6 25. Be2 Rch8 26. Qg3 Rxh5+ 27. Kg2 Rxh2+ 28. Qxh2 Rxh2+ 29. Kxh2 Bf4+ 30. Kh3 Qh6+ 0-1

[Event "COL-ch"]
[Site "Palmira"]
[Date "2017.05.19"]
[Round "7"]
[White "Cardona Marin, Fabio"]
[Black "Mena Mena, Daymer Alberto"]
[Result "1-0"]
[WhiteElo "2032"]
[BlackElo "1600"]
[PlyCount "48"]
[EventDate "2017.05.15"]
[EventType "swiss"]
[EventRounds "10"]
[EventCountry "COL"]
[SourceTitle "CBM 178 Extra"]
[Source "ChessBase"]
[SourceDate "2017.06.22"]
[SourceVersion "1"]
[SourceVersionDate "2017.06.22"]
[SourceQuality "1"]

1. Nf3 e6 2. d4 d5 3. c4 Nf6 4. Nc3 c6 5. e3 Bd6 6. Bd3 Nbd7 7. 0-0 dxc4 8. Bxc4 b5 9. Bd3 Bb8 10. e4 h6 11. e5 Ng8 12. b3 Ne7 13. Ba3 Qa5 14. Bxe7 Kxe7 15. Qd2 Qb6 16. Rfc1 Bb7 17. Ne4 a5 18. Nc5 Bc8 19. Rc2 Nxc5 20. Rxc5 Ra7 21. Rac1 Bd7 22. Qf4 Ke8 23. Qg4 Kf8 24. Qh4 Bc7 1-0

[Event "COL-ch"]
[Site "Palmira"]
[Date "2017.05.17"]
[Round "4"]
[White "Mena Mena, Daymer Alberto"]
[Black "Cardozo, Stid Jafhar"]
[Result "1-0"]
[WhiteElo "1600"]
[BlackElo "1842"]
[PlyCount "93"]
[EventDate "2017.05.15"]
[EventType "swiss"]
[EventRounds "10"]
[EventCountry "COL"]
[SourceTitle "CBM 178 Extra"]
[Source "ChessBase"]
[SourceDate "2017.06.22"]
[SourceVersion "1"]
[SourceVersionDate "2017.06.22"]
[SourceQuality "1"]

1. d3 d5 2. c3 e5 3. g3 Nf6 4. Bg2 b6 5. Bg5 Bb7 6. Nd2 Nbd7 7. Qa4 h6 8. Bxf6 Qxf6 9. e3 Bc6 10. Qc2 Be7 11. Ne2 0-0 12. 0-0 Qd6 13. f4 exf4 14. exf4 Nf6 15. Rae1 Bb7 16. Nd4 Qd7 17. Kh1 c5 18. N4f3 Bd6 19. Ne5 Qc7 20. Re2 Rae8 21. Rfe1 Re7 22. Ndf3 Rfe8 23. Qa4 a6 24. d4 Ne4 25. Qd1 Bc8 26. Kg1 c4 27. Nh4 Nf6 28. Re3 b5 29. Bf3 b4 30. Qe2 Qa5 31. Ra1 bxc3 32. bxc3 Bxe5 33. fxe5 Nh7 34. Bg4 Ng5 35. Bxc8 Rxc8 36. Nf5 Rb7 37. Nd6 Rcb8 38. Nxb7 Rxb7 39. Qg4 Rb2 40. h4 Ne4 41. e6 fxe6 42. Qxe6+ Kh7 43. Qf5+ Kg8 44. Rxe4 Rb8 45. Re3 Rf8 46. Qe6+ Kh8 47. Qd6 1-0